000 00343nam a22001457a 4500
008 210225b ||||| |||| 00| 0 eng d
020 _a9780321570734
041 _aeng
080 _a004
082 _a004
100 _a28
101 _aSHK
245 _aExcel Student Laboratory Manual and Workbook
_cHalsey, J & Reda, E
942 _2udc
_cBK
999 _c55229
_d55229